Chuyện những kẻ bạo tàn trong lịch sử /

محفوظ في:
التفاصيل البيبلوغرافية
التنسيق: Sách giấy
اللغة:Vietnamese
منشور في: Hà Nội : Văn hoá Thông tin , 1996
الوسوم: إضافة وسم
لا توجد وسوم, كن أول من يضع وسما على هذه التسجيلة!
Thư viện lưu trữ: Thư viện Trường Đại học Đà Lạt
LEADER 00579nam a2200229 4500
001 DLU020010244
005 ##11/22/1999
041 # # |a vie 
082 # # |a 923.1  |b AN-C 
090 # # |a 923.1  |b AN-C 
245 # # |a Chuyện những kẻ bạo tàn trong lịch sử /  |c Trần Đình Hiến, An Tác Chương 
260 # # |a Hà Nội :  |b Văn hoá Thông tin ,  |c 1996 
300 # # |a 331 tr.;   |c 19 cm. 
992 # # |a 26000 
994 # # |a DLU 
900 # # |a False 
911 # # |a Administrator 
925 # # |a G 
926 # # |a A 
927 # # |a SH 
980 # # |a Thư viện Trường Đại học Đà Lạt